00470nam a2200169Ia 4500003000400000005001700004008004100021020001800062040000700080041000800087082002100095100002600116245007600142260005400218300001500272365001300287OSt20230329102733.0210423s2008 xx 000 0 und d a9788184770465 cAL aeng a302.2030971 GANV aGANDHI (Ved Prakash). aBroadcasting and development communication: law policy and action plan. aNew DelhibKanishka Publishers Distributorsc2008 aix,398bHB b995cINR